000 00780nam a2200205 a 4500
005 20210512105056.0
008 210512s1981 fr |||gr|||| 00| 0 fre d
040 _aCO-BoUCM
_bspa
_cDeissy Garcia
_dDeissy Garcia
041 0 _afre
100 1 _aTeitgen-Colly, Catherine
_9103383
245 1 3 _aLa légalité de l'intérêt financier dans l'action administrative
_cCatherine Teitgen-Colly
260 _aParís
_bEconomica
_c1981
300 _avii, 536 páginas
490 0 _aRecherches Panthéon-Sorbonne, Université de Paris I
504 _aIncluye referencias bibliográficas
650 7 _aDominio público
_zFrancia
_9103384
650 7 _aActos administrativos
_zFrancia
_9103385
942 _cLIBRO
_2DEWEY
_a8
_e1
_h343.44
_mT265l
_n0
999 _c314656
_d314656